La colaboración del acreedor en los contratos civiles
Guardat en:
| Autor principal: | |
|---|---|
| Format: | Llibre |
| Idioma: | espanyol |
| Publicat: |
Santiago
Legal Publishing
2015
|
| Edició: | 1a. ed |
| Col·lecció: | Monografías
|
| Matèries: | |
| Etiquetes: |
Afegir etiqueta
Sense etiquetes, Sigues el primer a etiquetar aquest registre!
|
MARC
| LEADER | 00000cam a2200000 a 4500 | ||
|---|---|---|---|
| 001 | UCE6690 | ||
| 003 | CL-VaPUC | ||
| 008 | 150430e20150200cl |||||||||||||||||spa|d | ||
| 020 | |a 9789563466294 | ||
| 082 | 0 | 4 | |a 346.02 |b PRA |2 21 |
| 100 | 0 | |a Prado López, Pamela |e author |9 557371 | |
| 245 | 1 | 3 | |a La colaboración del acreedor en los contratos civiles |
| 250 | |a 1a. ed | ||
| 300 | |a 304 p | ||
| 942 | |c BK | ||
| 945 | |d 20150430 00:23:00 |a arojas | ||
| 260 | |a Santiago |b Legal Publishing |c 2015 | ||
| 650 | 0 | |a Derecho civil |9 255013 | |
| 650 | 0 | |a Contratos civiles |9 420904 | |
| 650 | 0 | |a Acreedor |9 388863 | |
| 650 | 0 | |a Contratos |9 255153 | |
| 583 | |a last modification |c 20160105 01:29:48 |k Rodrigo Vera | ||
| 490 | 0 | |a Monografías | |
| 999 | |c 358921 |d 358919 | ||
| 952 | |0 0 |1 0 |3 erb |4 0 |6 346_020000000000000_PRA_2015 |7 0 |8 A |9 467886 |a BIBDER |b BIBDER |i 5146976 |l 1 |m 5 |o 346.02 PRA 2015 |p 5146976 |q 2025-12-31 |r 2020-03-04 |s 2020-03-04 |w 2019-11-23 |y BK |z Catalogado en:20150430 |k DER | ||
| 952 | |0 0 |1 0 |3 erb |4 0 |6 346_020000000000000_PRA_2015 |7 0 |8 A |9 467887 |a BIBDER |b BIBDER |i 5190894 |l 5 |m 3 |o 346.02 PRA 2015 |p 5190894 |r 2023-01-25 |s 2022-11-25 |w 2019-11-23 |y BK |z Catalogado en:20150728 |k DER | ||